[Event "VI Sunway Sitges Open 2019"]
[Site "Sitges"]
[Date "2019.12.19"]
[Round "7.17"]
[White "Kacharava, Nikolozi"]
[Black "Lopez Martinez, Josep Manuel"]
[Result "1/2-1/2"]
[WhiteElo "2416"]
[BlackElo "2561"]
[Annotator "RC"]
[PlyCount "205"]
[EventDate "2019.12.13"]
[EventType "swiss"]
[EventCountry "ESP"]
[SourceTitle "playchess.com"]
[Source "ChessBase"]
[SourceQuality "1"]
[TimeControl "40/5400+30:1800+30"]

1. e4 {[%emt 0:00:00]} c5 {[%emt 0:01:08]} 2. Nf3 {[%emt 0:00:00]} d6 {[%emt 0:00:49]} 3. d4 {[%emt 0:00:32]} cxd4 {[%emt 0:00:10]} 4. Qxd4 {[%emt 0:00:26]} Nf6 {[%emt 0:01:05]} 5. Nc3 {[%emt 0:00:22]} e5 {[%emt 0:06:27]} 6. Bb5+ {[%emt 0:04:34]} Nbd7 {[%emt 0:01:20]} 7. Qd3 {[%emt 0:02:18]} h6 {[%emt 0:00:36]} 8. Nd2 {[%emt 0:05:09]} Be7 {[%emt 0:05:25]} 9. Nc4 {[%emt 0:03:54]} O-O {[%emt 0:00:35]} 10. Bxd7 {[%emt 0:02:55]} Bxd7 {[%emt 0:15:34]} 11. O-O {[%emt 0:12:32]} Be6 {[%emt 0:05:16]} 12. Ne3 {[%emt 0:02:06]} Rc8 {[%emt 0:00:36]} 13. Ncd5 {[%emt 0:13:53]} Nxd5 {[%emt 0:01:45]} 14. Nxd5 {[%emt 0:02:38]} Bxd5 {[%emt 0:01:01]} 15. Qxd5 {[%emt 0:01:05]} Qd7 {[%emt 0:00:21]} 16. c3 {[%emt 0:04:39]} Rc5 {[%emt 0:06:29]} 17. Qd3 {[%emt 0:01:40]} Qc6 {[%emt 0:00:38]} 18. Be3 {[%emt 0:03:18]} Rc4 {[%emt 0:02:03]} 19. f3 {[%emt 0:00:59]} a6 {[%emt 0:00:20]} 20. Rac1 {[%emt 0:05:47]} Rc8 {[%emt 0:01:08]} 21. Rc2 {[%emt 0:03:53]} b5 {[%emt 0:01:18]} 22. Rd2 {[%emt 0:04:53]} Qd7 {[%emt 0:08:34]} 23. Qd5 {[%emt 0:04:48]} Qe6 {[%emt 0:00:27]} 24. Rd3 {[%emt 0:02:53]} h5 {[%emt 0:01:44]} 25. h3 {[%emt 0:03:26]} Qxd5 {[%emt 0:00:49]} 26. Rxd5 {[%emt 0:00:14]} h4 {[%emt 0:00:44]} 27. Kf2 {[%emt 0:03:56]} g6 {[%emt 0:02:08]} 28. Ke2 {[%emt 0:01:20]} f6 {[%emt 0:02:46]} 29. Kd3 {[%emt 0:01:45]} Kf7 {[%emt 0:00:11]} 30. Rc1 {[%emt 0:01:28]} f5 {[%emt 0:00:49]} 31. b3 {[%emt 0:01:52]} R4c6 {[%emt 0:01:07]} 32. Bd2 {[%emt 0:00:45]} Ke6 {[%emt 0:01:40]} 33. Ra1 {[%emt 0:00:33]} Rf8 {[%emt 0:06:44]} 34. Ke2 {[%emt 0:00:23]} Bd8 {[%emt 0:00:36]} 35. a4 {[%emt 0:01:21]} fxe4 {[%emt 0:02:04]} 36. fxe4 {[%emt 0:00:19]} bxa4 {[%emt 0:01:24]} 37. Rxa4 {[%emt 0:00:44]} Bb6 {[%emt 0:01:35]} 38. Rxa6 {[%emt 0:01:39]} Rf2+ {[%emt 0:01:36]} 39. Kd1 {[%emt 0:00:58]} Rxg2 {[%emt 0:00:22]} 40. b4 {[%emt 0:00:00]} g5 {[%emt 0:00:00]} 41. b5 {[%emt 0:09:05]} Rc5 {[%emt 0:05:39]} 42. Rxb6 {[%emt 0:02:08]} Rxd5 {[%emt 0:00:07]} 43. exd5+ {[%emt 0:00:02]} Kxd5 {[%emt 0:00:08]} 44. Rb8 {[%emt 0:04:40]} g4 {[%emt 0:00:37]} 45. Rg8 {[%emt 0:05:43]} Ke4 {[%emt 0:07:37]} 46. Kc2 {[%emt 0:04:37]} gxh3 {[%emt 0:01:34]} 47. Rh8 {[%emt 0:00:08]} Kd5 {[%emt 0:06:47]} 48. Rxh4 {[%emt 0:00:13]} Kc5 {[%emt 0:03:47]} 49. Rxh3 {[%emt 0:03:59]} Kxb5 {[%emt 0:00:13]} 50. Kd3 {[%emt 0:00:55]} d5 {[%emt 0:01:39]} 51. Be3 {[%emt 0:00:32]} d4 {[%emt 0:00:27]} 52. cxd4 {[%emt 0:00:18]} exd4 {[%emt 0:00:05]} 53. Kxd4 {[%emt 0:00:27]} Re2 {[%emt 0:02:43]} 54. Kd5 {[%emt 0:00:41]} Rg2 {[%emt 0:03:26]} 55. Rh7 {[%emt 0:02:34]} Kb4 {[%emt 0:00:59]} 56. Bd4 {[%emt 0:00:46]} Rg5+ {[%emt 0:00:14]} 57. Be5 {[%emt 0:00:07]} Ka5 {[%emt 0:00:46]} 58. Rh1 {[%emt 0:00:07]} Kb5 {[%emt 0:00:42]} 59. Rb1+ {[%emt 0:00:12]} Ka5 {[%emt 0:00:04]} 60. Kd4 {[%emt 0:00:11]} Ka6 {[%emt 0:00:19]} 61. Bd6 {[%emt 0:01:01]} Rb5 {[%emt 0:01:30]} 62. Rh1 {[%emt 0:00:42]} Rg5 {[%emt 0:01:26]} 63. Kc4 {[%emt 0:01:30]} Kb6 {[%emt 0:00:51]} 64. Rh6 {[%emt 0:00:33]} Kb7 {[%emt 0:00:34]} 65. Rf6 {[%emt 0:01:36]} Rh5 {[%emt 0:01:54]} 66. Bf4 {[%emt 0:02:00]} Kc8 {[%emt 0:00:44]} 67. Rf7 {[%emt 0:00:09]} Kd8 {[%emt 0:00:13]} 68. Kd4 {[%emt 0:00:55]} Ke8 {[%emt 0:00:10]} 69. Ra7 {[%emt 0:00:05]} Rf5 {[%emt 0:06:02]} 70. Bd6 {[%emt 0:00:21]} Rf7 {[%emt 0:01:29]} 71. Ra8+ {[%emt 0:01:22]} Kd7 {[%emt 0:00:03]} 72. Ke5 {[%emt 0:00:07]} Rf1 {[%emt 0:00:30]} 73. Ra7+ {[%emt 0:00:08]} Kc6 {[%emt 0:00:04]} 74. Rc7+ {[%emt 0:00:07]} Kb5 {[%emt 0:00:25]} 75. Rc5+ {[%emt 0:00:29]} Kb6 {[%emt 0:00:21]} 76. Ke6 {[%emt 0:01:06]} Rh1 {[%emt 0:01:42]} 77. Rg5 {[%emt 0:00:37]} Kc6 {[%emt 0:00:25]} 78. Rc5+ {[%emt 0:00:03]} Kb6 {[%emt 0:00:06]} 79. Rc4 {[%emt 0:00:44]} Kb5 {[%emt 0:00:33]} 80. Rc3 {[%emt 0:00:22]} Rd1 {[%emt 0:01:20]} 81. Kd7 {[%emt 0:00:46]} Rd4 {[%emt 0:00:42]} 82. Rc1 {[%emt 0:00:34]} Rd3 {[%emt 0:02:44]} 83. Ke6 {[%emt 0:00:46]} Rd4 {[%emt 0:00:35]} 84. Ke5 {[%emt 0:00:35]} Rc4 {[%emt 0:00:56]} 85. Rb1+ {[%emt 0:00:09]} Kc6 {[%emt 0:00:20]} 86. Rb8 {[%emt 0:00:19]} Rh4 {[%emt 0:01:10]} 87. Rc8+ {[%emt 0:00:09]} Kb7 {[%emt 0:00:09]} 88. Rc1 {[%emt 0:00:27]} Rh5+ {[%emt 0:00:23]} 89. Ke6 {[%emt 0:00:18]} Kb6 {[%emt 0:00:33]} 90. Be5 {[%emt 0:01:56]} Kb5 {[%emt 0:00:35]} 91. Kd5 {[%emt 0:00:06]} Ka5 {[%emt 0:00:30]} 92. Rb1 {[%emt 0:00:03]} Rg5 {[%emt 0:00:28]} 93. Kd4 {[%emt 0:00:02]} Ka6 {[%emt 0:00:19]} 94. Bd6 {[%emt 0:00:10]} Rb5 {[%emt 0:00:23]} 95. Rh1 {[%emt 0:00:05]} Kb6 {[%emt 0:00:43]} 96. Rh6 {[%emt 0:00:06]} Kb7 {[%emt 0:01:14]} 97. Be5 {[%emt 0:00:37]} Ra5 {[%emt 0:01:16]} 98. Rh7+ {[%emt 0:00:30]} Kc6 {[%emt 0:00:32]} 99. Rc7+ {[%emt 0:00:17]} Kb6 {[%emt 0:00:40]} 100. Rc1 {[%emt 0:00:32]} Kb7 {[%emt 0:00:36]} 101. Ke4 {[%emt 0:00:20]} Rb5 {[%emt 0:00:26]} 102. Bd4 {[%emt 0:01:05]} Rh5 {[%emt 0:01:19]} 103. Rg1 {[%emt 0:00:38]} 1/2-1/2

[Event "VI Sunway Sitges Open 2019"]
[Site "Sitges"]
[Date "2019.12.19"]
[Round "7.18"]
[White "Sekar, B."]
[Black "Shevchenko, Kirill"]
[Result "1/2-1/2"]
[WhiteElo "2176"]
[BlackElo "2547"]
[Annotator "TA"]
[PlyCount "99"]
[EventDate "2019.12.13"]
[EventType "swiss"]
[EventCountry "ESP"]
[SourceTitle "playchess.com"]
[Source "ChessBase"]
[SourceQuality "1"]

{[%evp 17,99,28,39,39,31,38,39,19,19,0,78,18,52,-56,-45,-31,-15,-39,131,127,131,121,137,130,140,104,94,103,104,25,97,89,87,52,47,44,101,95,109,99,100,57,35,0,0,0,0,0,85,85,94,91,79,95,88,79,83,43,128,120,118,100,166,137,184,181,189,110,97,93,85,88,91,68,84,44,44,40,44,0,40,0,44,0]} 1. e4 c5 2. Nf3 d6 3. d4 cxd4 4. Nxd4 Nf6 5. Nc3 a6 6. Bg5 Nbd7 7. Qe2 Qc7 8. O-O-O e6 9. f4 b5 10. a3 {B96: Sicilian Najdorf: 6 Bg5 e6 7 f4, lines other than 7...Qb6 and 7...Be7} Bb7 11. g4 Be7 12. Bh4 h6 13. Kb1 Rb8 (13... Rc8 $11) 14. Rg1 ({White should play} 14. Be1 $16) 14... Ba8 {[#]} 15. Bg3 $146 (15. Bg2 $14) ({Predecessor:} 15. Bg2 b4 16. axb4 Rxb4 17. Qxa6 Qb8 {1-0 (32) Sutovsky,E (2651)-Efimenko,Z (2680) Kallithea 2008}) 15... b4 $15 16. axb4 Rxb4 {Threatens to win with ...Qxc3.} 17. Qxa6 Rb8 $2 (17... O-O $1 $15 {keeps the upper hand.} 18. Ncb5 Qd8) 18. Ndb5 $1 $36 {[%cal Rb5c7][%mdl 2048] White is in control.} Qc5 19. Nxd6+ Bxd6 20. Qxd6 {And now f5 would win.} Qxg1 21. Bb5 {Threatening mate with Qxb8+.} Qb6 22. Bxd7+ Nxd7 23. Qxd7+ Kf8 {[%csl Gb8][%cal Rb6b2]} 24. Na4 $1 {[%cal Ra4b6]} Qc6 25. Qxc6 (25. f5 {seems wilder.} Rc8 26. Nc5 exf5 27. gxf5 Qxd7 28. Rxd7 Kg8 29. b4) 25... Bxc6 26. f5 Re8 (26... e5 $14 27. Bxe5 Re8 28. Bd6+ Kg8) 27. Nc5 exf5 28. gxf5 ({Reject} 28. exf5 $6 Kg8 $11) 28... f6 29. e5 fxe5 30. Ne6+ Kf7 31. Bxe5 Rhg8 32. Bc3 g6 {[#]} (32... Bf3 $11 {remains equal.} 33. Rd6 Be4) 33. Rd6 $1 {[%cal Rd6c6]} gxf5 {[#]} 34. Nc7 $1 ({Don't play} 34. Ng7 $6 Rc8 $11) 34... Be4 {Strongly threatening ...Rd8.} 35. Nxe8 Kxe8 {[%mdl 4096] Endgame KRB-KRB} 36. Rd2 Ke7 37. Be5 Rg1+ (37... Ke6 $14 38. Bd4 f4) 38. Ka2 Rf1 39. c4 f4 (39... Ke6 $16 40. Bc7 f4) 40. b4 f3 {aiming for ...f2.} 41. Bg3 Bf5 42. c5 (42. b5 $18) 42... Bd7 43. Bh4+ Ke8 44. Kb3 Bb5 45. Rd8+ Kf7 46. Rb8 Bd7 47. Rb7 Ke8 48. Rb8+ Kf7 49. Rb7 Ke8 50. Rb8+ {Accuracy: White = 61%, Black = 56%.} 1/2-1/2

[Event "VI Sunway Sitges Open 2019"]
[Site "Sitges"]
[Date "2019.12.19"]
[Round "7.19"]
[White "Diaz Camallonga, Carles"]
[Black "Maghsoodloo, Parham"]
[Result "0-1"]
[WhiteElo "2468"]
[BlackElo "2690"]
[Annotator "TA"]
[PlyCount "148"]
[EventDate "2019.12.13"]
[EventType "swiss"]
[EventCountry "ESP"]
[SourceTitle "playchess.com"]
[Source "ChessBase"]
[SourceQuality "1"]

{[%evp 11,226,14,24,4,1,2,14,16,15,22,15,20,25,20,30,0,0,0,0,0,0,-10,34,0,51,-4,-12,-8,-8,-18,-14,-15,0,-22,0,0,0,-9,18,0,0,0,0,0,17,0,7,4,9,0,8,0,0,0,0,0,29,0,0,0,0,-24,0,-7,-7,-19,-7,-7,-7,-7,-7,-44,-7,-22,-22,-22,0,0,0,0,0,-37,-37,-37,-37,-27,-37,-53,-38,-77,-77,-77,-52,-77,-77,-77,-52,-52,-52,-54,-52,-52,-37,-37,-37,-53,-37,-37,-37,-60,-52,-52,-52,-60,-60,-60,-60,-60,-60,-60,-60,-82,-67,-67,-67,-67,-67,-67,-66,-67,-67,-101,-67,-101,-101,-101,-101,-101,-101,-101,-101,-101,-101,-101,-101,-112,-108,-267,-231,-523,-458,-431,-101,-101,-101,-113,-112,-112,-101,-101,-101,-101,-101,-101,-101,-101,-101,-101,-101,-245,-101,-101,-101,-101,-101,-101,-101,-101,-101,-101,-101,-101,-101,-101,-101,-112,-101,-155,-112,-121,-54,-57,-55,-76,-70,-81,-82,-82,-32,-393,-387,-366,-352,-1563,-1587,-1425,-1695,-1761,-1461,-2594,-2574,-5612,-5616,-6335,-6025,-5949,-5945]} 1. e4 c5 2. Nf3 Nc6 3. d4 cxd4 4. Nxd4 Nf6 5. Nc3 d6 6. g3 g6 7. Nxc6 {B70: Sicilian Dragon: 6 g3 and 6 Be2 (without a later Be3)} bxc6 8. Bg2 Qc7 9. b3 {The position is equal.} Bg7 10. Bb2 O-O 11. O-O Nd7 $146 ({Predecessor:} 11... Ba6 12. Re1 Rad8 13. Qd4 e5 14. Qd2 Nd7 {½-½ (58) Wang,H (2722)-Wojtaszek,R (2727) Douglas 2018}) 12. Qd2 Nb6 13. Rad1 a5 14. a4 Ba6 15. Rfe1 Rfd8 16. Kh1 e5 17. f4 exf4 (17... Rab8 $11) 18. Qxf4 ({Better is} 18. gxf4 $14 Rac8 19. Ba3) 18... Be5 $11 19. Qf3 Nd7 20. Ba3 Nf6 21. Bc1 Kg7 22. Bf4 Qe7 23. Ne2 Re8 24. Nc1 Rad8 25. Bd2 Qc7 26. Nd3 Bxd3 27. Qxd3 h5 28. Bg5 Rb8 29. Rf1 Nd7 30. Qf3 Nc5 31. Be3 Ne6 32. Rf2 Qe7 33. Rdf1 {[%cal Rf3f7]} Rb7 34. Bd2 h4 35. Qe3 Rh8 {Hoping for ...hxg3.} 36. g4 f6 37. Qd3 ({But not} 37. Bxa5 h3 $15) 37... Ra7 38. Be3 c5 39. h3 Rc8 40. Qc4 g5 41. Rd1 Re8 42. Rd5 Qf7 (42... Rb8 {keeps more tension.} 43. Rf5 Rb4 44. Qf1 Ra8 45. Bd2 Rbb8) 43. Rd1 Nf8 {Strongly threatening ...Qxc4.} (43... Qb7 {feels hotter.} 44. Rf5 Nd4 45. Rf2 Qe7 46. Qd5 Ne6) 44. Qxf7+ Rxf7 45. Bd2 Ra7 46. Rf3 Ne6 47. Be3 Nd4 48. Bxd4 Bxd4 49. Rfd3 Be5 50. c4 Rb7 {...Reb8 is the strong threat.} 51. Rf1 Rb4 52. Kg1 Bd4+ 53. Kh1 Kf7 54. Bf3 Re5 55. Re1 Rb8 56. Kg2 Re7 57. Bd1 Rbe8 58. Bf3 Ke6 59. Bd1 Kd7 60. Bf3 Kc7 61. Rdd1 Rb8 62. Rd3 d5 63. cxd5 Kd6 64. Kf1 Rb4 {[%mdl 1024] Black has compensation.} 65. Bd1 Be5 66. Bc2 Bg3 67. Ree3 Bf4 68. Re2 Rbxe4 69. Rxe4 Rxe4 $15 {[%mdl 4096] Endgame KRB-KRB} 70. Rd1 Rb4 71. Ke2 Be5 72. Rb1 Kxd5 73. Bd3 Kd4 74. Bc4 Kc3 {Played: Rb4-b7} 0-1

[Event "VI Sunway Sitges Open 2019"]
[Site "Sitges"]
[Date "2019.12.19"]
[Round "7.20"]
[White "Melkumyan, Hrant"]
[Black "Kjartansson, Gudmundur"]
[Result "1/2-1/2"]
[WhiteElo "2668"]
[BlackElo "2448"]
[Annotator "TA"]
[PlyCount "149"]
[EventDate "2019.12.13"]
[EventType "swiss"]
[EventCountry "ESP"]
[SourceTitle "playchess.com"]
[Source "ChessBase"]
[SourceQuality "1"]

{[%evp 19,149,24,36,27,28,26,45,24,36,24,14,13,23,22,85,103,95,96,158,70,62,64,61,65,70,42,49,37,50,37,37,37,37,29,31,39,82,18,12,23,22,13,12,12,41,33,77,56,114,89,184,23,47,12,12,12,12,12,12,12,12,8,8,1,12,12,18,12,24,8,8,8,12,0,16,16,16,16,14,8,8,2,8,0,0,0,0,0,8,8,12,8,8,8,8,8,8,8,8,0,8,0,0,0,0,0,0,0,0,0,0,0,0,0,0,0,0,0,0,0,0,0,0,0,0,0,0,0,0,0,0,0]} 1. e4 e6 2. d4 d5 3. Nc3 Nf6 4. Bg5 dxe4 5. Nxe4 Be7 6. Bxf6 Bxf6 7. Nf3 Bd7 8. Bd3 Bc6 9. Qe2 Bxe4 10. Bxe4 c6 11. O-O-O {[%cal Ba1d1,Bd1d3,Bd3b3,Bb3b7][%mdl 32] C10: French with 3 Nc3: Unusual Black 3rd moves and 3...dxe4} Nd7 12. h4 $146 ({Predecessor:} 12. Kb1 Qc7 13. h4 Nb6 14. Ne5 Bxe5 15. dxe5 Nd7 16. f4 O-O-O 17. Rd6 Nb6 18. Rhd1 Nd5 19. c4 Ne7 20. g4 Qa5 21. h5 g6 22. Qd3 Rhe8 23. Rd7 Ng8 24. a3 {1-0 (24) Voloshin,L (2450)-Lehoczki,V (2065) Litomysl 1997}) 12... Qa5 13. Rd3 {White is slightly better.} Qb5 14. Qe3 Nb6 15. Rb3 Qa5 16. Kb1 Nd5 (16... O-O-O $11) 17. Bxd5 $16 Qxd5 18. Rxb7 c5 (18... O-O $142) 19. Qb3 (19. Rc7 $16) 19... Qxb3 $14 20. axb3 cxd4 21. g4 g6 22. g5 Bg7 23. Re1 O-O 24. Ne5 Rfb8 25. Rxb8+ Rxb8 {[%mdl 4096] Endgame KRB-KRN} 26. Nd3 a5 27. f4 Rc8 28. b4 ({White should play} 28. Kc1 $16) 28... axb4 $11 29. Nxb4 Kf8 30. Nd3 Ke7 31. b4 h5 32. Kb2 Kd6 {[#]} 33. Ra1 $1 Rc7 ({Black should try} 33... f6 $14) 34. Ra8 $16 Kd5 {[#]} (34... f6 $16) 35. Rg8 $2 (35. Rd8+ $1 $18 Kc4 36. Rb8) 35... f6 $11 36. gxf6 Bxf6 37. Rxg6 Bxh4 38. Rh6 Be7 39. Rxh5+ Kc4 40. Kc1 Bd6 41. Rh6 Bxb4 42. Rxe6 Ba3+ 43. Kd2 Rh7 44. Ra6 Rh2+ {The position is equal.} 45. Kd1 Bf8 46. Kc1 Rh5 47. Ra4+ Kc3 {( -> ...Rh1+)} 48. Nf2 {[%cal Rf2e4]} Bb4 49. Ra8 {Strongly threatening Rc8+.} Kc4 50. Rc8+ Kd5 51. Kb2 Rf5 52. Nd3 Bd6 53. Rd8 Kc6 54. Kb3 Kc7 55. Rg8 {Black should prevent Rg4.} Bxf4 56. Kc4 Be3 57. Rg7+ Kd6 58. Rg6+ Kd7 59. Nb4 Rf2 60. Kd5 Rf5+ 61. Ke4 Rc5 62. Rg2 Kd6 63. Nd3 Rc3 64. Ne5 Kc5 65. Nd3+ Kb5 66. Kd5 Rc8 67. Rg7 Rxc2 68. Rb7+ Ka4 69. Ne5 Ka3 70. Ke4 Rc8 71. Nf3 Ka4 72. Rb1 Ka3 73. Rb7 Ka4 74. Nxd4 Bxd4 75. Kxd4 {Accuracy: White = 55%, Black = 55%.} 1/2-1/2

[Event "VI Sunway Sitges Open 2019"]
[Site "Sitges"]
[Date "2019.12.19"]
[Round "7.21"]
[White "Lagarde, Maxime"]
[Black "Batsiashvili, Nino"]
[Result "1/2-1/2"]
[WhiteElo "2655"]
[BlackElo "2447"]
[Annotator "TA"]
[PlyCount "205"]
[EventDate "2019.12.13"]
[EventType "swiss"]
[EventCountry "ESP"]
[SourceTitle "playchess.com"]
[Source "ChessBase"]
[SourceQuality "1"]

{[%evp 9,205,-15,-14,-22,-17,-17,-13,-16,-20,-24,-30,-41,-39,-55,-30,-35,-38,-42,-22,-33,-4,-16,-8,-35,-11,-39,0,-1,0,0,15,8,17,0,0,0,0,-19,9,0,0,0,0,0,0,0,0,0,0,-93,53,0,60,35,55,55,58,39,22,45,119,69,70,0,0,-12,0,0,0,0,71,75,77,75,79,79,79,79,79,77,81,77,91,82,73,75,91,71,78,74,81,77,182,160,172,166,164,162,167,167,266,167,205,254,344,295,369,287,295,280,280,280,272,271,271,271,265,242,236,8,25,8,291,8,52,52,68,60,37,37,41,0,29,15,15,11,22,22,22,27,28,27,33,18,24,0,0,0,1,0,0,0,0,0,0,0,8,8,22,0,14,14,22,25,25,22,20,6,0,6,3,0,0,0,0,0,8,8,8,8,8,8,8,8,62,0,8,0,0,-3,-3,-8,8,8,8,8,8,8]} 1. g3 Nf6 2. Bg2 d5 3. f4 e6 4. Nf3 Be7 5. b3 (5. O-O b5 6. d3 Bb7 7. Qe1 c5 8. c3 O-O 9. a4 b4 10. cxb4 cxb4 11. Kh1 Nc6 12. Be3 Nd7 {1-0 (44) Carlsen,M (2832)-Kramnik,V (2808) Leuven 2017}) 5... b5 6. Bb2 {A03: Bird's Opening with 1...d5} Bb7 7. e3 c5 8. O-O O-O 9. Nc3 $146 ({Predecessor:} 9. d3 b4 10. Qe2 a5 11. Nbd2 Nc6 12. a4 Nd7 {½-½ (37) Arnold,G (2215)-Ferre Perez,A (2161) ICCF email 2017}) 9... a6 10. Ne2 Nbd7 11. h3 Ne4 12. d3 Nd6 13. g4 Bf6 14. Be5 Bxe5 15. fxe5 Nc8 16. Nf4 Ne7 17. Qe1 Ng6 18. Qg3 Rc8 19. Nxg6 hxg6 20. Rf2 d4 21. exd4 Bxf3 22. Qxf3 cxd4 23. Qf4 Qb6 24. Re1 Rc5 25. b4 $36 {[%mdl 2048] White fights for an advantage.} Rc3 26. g5 a5 27. Re4 axb4 {...Qc5 is the strong threat.} 28. Rxd4 Qa7 29. Kh1 (29. Kh2 $11 {remains equal.}) 29... Nc5 (29... Rc5 $1 $17 30. Rxb4 Rxe5) 30. Kh2 (30. Rxb4 $14 Qxa2 31. Qd2 Qa1+ 32. Rf1) 30... Ra3 (30... Qxa2 $2 31. Rd8 $3 $18 {[%mdl 512]}) ({Better is} 30... Na4 $11) 31. Rxb4 $14 Ra4 32. a3 $1 Qc7 33. d4 Rxb4 34. axb4 Nd7 (34... Na6 $1 $14) 35. h4 Qc4 36. Bh3 ({White should play} 36. d5 $14) 36... Qxb4 $11 37. d5 (37. Qe4 {with more complications.} Rd8 38. Qf4 Rf8) 37... Qxf4+ (37... Qc5 {is interesting.} 38. Rd2 Qc7 39. dxe6 Nxe5 40. Kg1 Qc5+) 38. Rxf4 Nxe5 ({Avoid the trap} 38... Rc8 $2 39. dxe6 Rxc2+ 40. Kg3 $18) 39. dxe6 {[%mdl 4096] Endgame KRB-KRN} Re8 (39... f5 $11) 40. exf7+ $16 Nxf7 41. Bf1 Rc8 42. Bd3 Ne5 43. Be4 $1 Rd8 44. Kg3 Rd6 45. Kf2 Rd2+ 46. Ke1 Rd4 47. Ke2 Nc4 48. c3 Rd2+ 49. Ke1 Rd6 50. Bc2 Ne5 (50... Ne3 $16 51. Bb3+ Kh7) 51. Ke2 Rc6 52. Bb3+ $1 Kh7 53. Kd2 Rd6+ 54. Kc2 Nc6 (54... Rd8 {was necessary.} 55. Rb4 Nf3) 55. Re4 Rd7 56. Re8 {Strongly threatening Bg8+.} Rc7 57. Bg8+ Kh8 58. Bd5+ Kh7 {Threatens to win with ...Nb4+.} 59. Be4 Nd4+ {[#]} 60. Kb2 $1 Nf5 61. h5 $1 Rc5 62. Rf8 Re5 63. Bc2 Nh4 64. hxg6+ $2 ({White must play} 64. Rf4 $18 Nf5 65. Kb3) 64... Nxg6 $11 65. Rf5 {Rxe5 would kill now.} Kg8 $2 {[%mdl 8192] [#]} (65... Kh8 $1 $11 {and Black has nothing to worry.}) 66. Kb3 $2 (66. Rf2 $1 $18) 66... Re3 67. Rxb5 Ne5 68. Rb8+ (68. g6 {seems wilder.} Kf8 69. Bf5 Re1 70. Kb4 Ke7 71. Rb6) 68... Kf7 69. Rb7+ Kf8 70. Rb5 Ke7 71. Kb4 Kd6 72. Rb6+ Nc6+ 73. Kc4 Kc7 $1 {[%cal Rc7b6]} 74. Rb5 Re1 75. Rf5 Kb6 76. Kd3 Rg1 77. Kd2 Rg2+ 78. Kc1 Rg3 79. Kb2 Rg2 80. Rd5 Na5 81. Kc1 Nc4 {White must now prevent ...Rxc2+!} 82. Bb3 Na5 83. Ba4 Rg4 84. Bd1 Rg3 85. Kb2 Nc6 86. Ba4 {And now Rd6 would win.} Na5 87. Rb5+ Ka6 88. Rf5 Nc4+ 89. Kb3 Nd2+ 90. Kc2 Ne4 91. Re5 Nxg5 92. Kb3 Kb6 (92... Nf3 $5 {[%cal Rf3e5]} 93. Re6+ Ka5 $11) 93. Kb4 Nf3 94. Re6+ Kc7 95. c4 Nd4 96. Ra6 Re3 (96... Rg5 $11) 97. c5 (97. Ra7+ $1 $14 Kb6 98. Rxg7) 97... Ne6 {The position is equal.} 98. Ra7+ Kb8 99. Ra5 Re4+ 100. Kb5 Nxc5 (100... Kb7 $5 101. c6+ $8 Kb8 $11) 101. Kxc5 Re5+ 102. Kb6 Rxa5 103. Kxa5 {Accuracy: White = 52%, Black = 48%.} 1/2-1/2

[Event "VI Sunway Sitges Open 2019"]
[Site "Sitges"]
[Date "2019.12.19"]
[Round "7.22"]
[White "Sethuraman, S.P."]
[Black "Raja Harshit"]
[Result "1/2-1/2"]
[WhiteElo "2638"]
[BlackElo "2447"]
[Annotator "TA"]
[PlyCount "106"]
[EventDate "2019.12.13"]
[EventType "swiss"]
[EventCountry "ESP"]
[SourceTitle "playchess.com"]
[Source "ChessBase"]
[SourceQuality "1"]

{[%evp 13,106,20,19,27,27,26,2,0,4,0,21,21,79,57,58,-33,-37,-38,-28,-30,-43,-45,-32,-45,-44,-46,-8,-10,-25,-43,-47,-46,-43,-59,0,0,0,0,0,0,-10,-5,-14,-21,-27,-35,-22,-19,-20,-23,-35,-38,-28,-34,-21,-14,-22,-63,-61,-64,0,-25,-29,-80,-8,-8,0,0,0,0,0,0,0,0,0,0,0,0,0,0,0,0,0,0,8,8,8,8,8,0,8,8,8,8,8]} 1. e4 c5 2. Nf3 d6 3. d4 cxd4 4. Nxd4 Nf6 5. Nc3 a6 6. Be3 e5 7. Nb3 Be6 8. h3 {B90: Sicilian Najdorf: Unusual White 6th moves, 6 Be3 Ng4 and 6 Be3 e5} (8. Qd2 Nbd7 9. f3 h5 10. O-O-O Be7 11. Bg5 b5 12. h4 Rc8 13. Kb1 O-O 14. a3 Re8 15. Be2 Qb6 16. Rhg1 Bf8 17. Nc1 Rc7 18. N1a2 Rec8 {0-1 (36) Inarkiev,E (2693)-Vidit,S (2707) Danzhou 2019}) 8... Nc6 9. Qf3 Rc8 10. O-O-O Nb4 11. Kb1 Be7 12. g4 O-O {[#]} (12... h6 $11) 13. g5 $1 $16 {[%cal Rg5f6]} Nd7 14. a3 $146 (14. h4 $14) ({Predecessor:} 14. h4 a5 15. a3 a4 {1-0 (43) Franzen,T (2209)-Buczinski,H (2136) ICCF email 2016}) 14... Rxc3 $1 $15 15. bxc3 Nc6 16. c4 Na5 17. Bd2 Nxc4 18. Bxc4 Bxc4 19. Bb4 Qb6 20. Qe3 Nc5 21. Bxc5 dxc5 22. Rd7 Re8 23. Rhd1 Be6 (23... Bf8 {seems wilder.} 24. Qd2 Be6 25. Qa5 Qxa5 26. Nxa5 b6) 24. Rxe7 $1 Rxe7 25. Qxc5 Qxc5 26. Nxc5 $11 {[%mdl 4096] Endgame Intending Rd8+ and mate. KRB-KRN} h6 27. gxh6 gxh6 28. Rd6 Kg7 29. h4 Kg6 30. Nd3 ({But not} 30. Nxe6 fxe6 31. Kc1 Kh5 $17) 30... Kh5 31. Nxe5 Kxh4 32. Kc1 $1 h5 33. Kd2 Rc7 34. Rd8 Kg5 35. Nd3 Rc8 36. Rd6 Rc6 (36... Kg4 $15 37. f4 Kf3) 37. Rxc6 bxc6 {KB-KN} 38. Ke3 {[#]} (38. f3 $1 $11) 38... h4 ({Black should play} 38... Kg4 $1 $17) 39. f3 {The position is equal.} f5 40. Nf4 Kf6 41. e5+ {[%mdl 64] Decoy} Kxe5 42. Ng6+ Kd5 {With the idea ...h3.} 43. Nxh4 Kc4 44. Kf4 Kc3 45. Nxf5 a5 46. Ne3 a4 47. Ke5 Bf7 48. Kd6 Kb2 49. Kxc6 Kxa3 50. Kb5 Be8+ 51. Kc5 Kb2 52. Kb4 a3 {Strongly threatening ...a2.} 53. Nc4+ Kxc2 {Accuracy: White = 69%, Black = 66%.} 1/2-1/2